| 000 | 00600nam a2200217Ia 4500 | ||
|---|---|---|---|
| 005 | 20241216011118.0 | ||
| 008 | 190212s9999||||xx |||||||||||||| ||und|| | ||
| 082 |
_a636.089 _bS61 |
||
| 100 | _aSMYTHE, R. H. Y OTRO | ||
| 245 | 0 |
_aCLINICA QUIRURGICA VETERINARIA _bTECNICAS QUIR·RGICAS |
|
| 250 | _a0 | ||
| 260 |
_aMEXICO _bC. E. C. S. A. _c1960 |
||
| 300 |
_a528 pag _c23 cm |
||
| 341 | _h0 | ||
| 490 |
_v0 _a2 |
||
| 505 | _aANIMALES-TECNICA QUIRURGICA/ANESTESIA-OPERACIONES | ||
| 541 |
_aC _d12-Dec-94 _oSoles |
||
| 650 | _aCIENCIAS APLICADAS | ||
| 856 | _zCiencias Aplicadas | ||
| 942 | _cLIBRO | ||
| 999 |
_c32941 _d32941 |
||